Understanding Shariah investment (Record no. 108531)

MARC details
000 -LEADER
fixed length control field 01321cad a22002775a 4500
001 - CONTROL NUMBER
control field L144533
008 - FIXED-LENGTH DATA ELEMENTS--GENERAL INFORMATION
fixed length control field 080728s2008 xxkad f s 000 0 eng d
035 ## - SYSTEM CONTROL NUMBER
System control number (Sirsi) u144533
041 0# - LANGUAGE CODE
Language code of text/sound track or separate title eng
050 04 - LIBRARY OF CONGRESS CALL NUMBER
Classification number 332.642 $2 18
100 1# - MAIN ENTRY--PERSONAL NAME
Personal name Chin, Henry
245 00 - TITLE STATEMENT
Title Understanding Shariah investment
Medium [electronic resource]
260 ## - PUBLICATION, DISTRIBUTION, ETC.
Place of publication, distribution, etc. London
Name of publisher, distributor, etc. RREEF
Date of publication, distribution, etc. 2008
520 ## - SUMMARY, ETC.
Summary, etc. Introduces Shariah-compliant investment: a series of financial transactions that are organised in accordance with Islamic law. Reviews its key terms and concepts and assesses its market size and potential. Outlines and explains the opportunities: increased demand; untapped potential for Islamic funds; movement away from conservative portfolios; recent and forthcoming regulatory reforms; government investment in infrastructure. Identifies the main challenges for investors and financiers.
590 ## - LOCAL NOTE (RLIN)
Local note KA NTK
650 24 - SUBJECT ADDED ENTRY--TOPICAL TERM
Topical term or geographic name entry element SHARIA
651 #4 - SUBJECT ADDED ENTRY--GEOGRAPHIC NAME
Geographic name International
690 ## - LOCAL SUBJECT ADDED ENTRY--TOPICAL TERM (OCLC, RLIN)
Topical term or geographic name as entry element PROPERTY-COMMERCIAL PROPERTY-COMMERCIAL PROPERTY MARKET
690 ## - LOCAL SUBJECT ADDED ENTRY--TOPICAL TERM (OCLC, RLIN)
Topical term or geographic name as entry element PROPERTY-COMMERCIAL PROPERTY-COMMERCIAL PROPERTY FINANCE AND INVESTMENT
700 1# - ADDED ENTRY--PERSONAL NAME
Personal name Dowe, Cameron
700 1# - ADDED ENTRY--PERSONAL NAME
Personal name Hedley, Richard
700 1# - ADDED ENTRY--PERSONAL NAME
Personal name Kim, Tae
700 1# - ADDED ENTRY--PERSONAL NAME
Personal name Wignall, Marcus
856 40 - ELECTRONIC LOCATION AND ACCESS
Uniform Resource Identifier <a href="https://www.rreef.com/">https://www.rreef.com/</a>
Public note View the report free of charge at www.rreef.com....
942 ## - ADDED ENTRY ELEMENTS (KOHA)
Suppress in OPAC 0
Holdings
Withdrawn status Lost status Source of classification or shelving scheme Damaged status Not for loan Home library Current library Shelving location Date acquired Total Checkouts Full call number Barcode Date last seen Copy number Price effective from Koha item type
    Dewey Decimal Classification     Virtual Virtual Online 28/07/2008   ONLINE PUBLICATION 144533-2001 06/08/2019 1 06/08/2019 Book